00214nam a22000977a 4500003000400000082001600004100002200020245003100042260003500073300000800108SGT a651.74bKUM aKUMAR, RAVINDER  aLEGAL ASPECTS OF BUSINESS  aINDIAbCENGAGE LEARNING c2016 a776